[Event "Karlsruhe Grenke op"]
[Site "Karlsruhe"]
[Date "2024.03.31"]
[Round "6"]
[White "Roser, Kevin"]
[Black "Gruenter, Martin"]
[Result "1-0"]
[WhiteElo "2379"]
[BlackElo "2211"]
[PlyCount "69"]
[EventDate "2024.03.28"]
[EventType "swiss"]
[EventRounds "9"]
[EventCountry "GER"]
[SourceTitle "EXT 2025"]
[Source "ChessBase"]
[SourceDate "2024.10.14"]
[SourceVersion "1"]
[SourceVersionDate "2024.10.14"]
[SourceQuality "1"]

1. e4 e6 2. d4 d5 3. Nc3 Bb4 4. e5 c5 5. a3 Bxc3+ 6. bxc3 Ne7 7. Qg4 Qc7 8. Bd3 cxd4 9. Ne2 dxc3 10. Qxg7 Rg8 11. Qxh7 Qxe5 12. h4 Nd7 13. Bf4 Qf6 14. Bg5 Qh8 15. Qxh8 Rxh8 16. Nxc3 a6 17. 0-0-0 f6 18. Be3 Ne5 19. Be2 Nf5 20. Bb6 Bd7 21. g4 Nxh4 22. f4 Nc4 23. Bd4 Ng6 24. Rxh8+ Nxh8 25. Bxf6 Ng6 26. Rh1 Rc8 27. g5 Nxa3 28. Bd3 Nxf4 29. Rh8+ Kf7 30. Rh7+ Ke8 31. g6 Nxd3+ 32. cxd3 Bb5 33. Rh8+ Kd7 34. Rxc8 Kxc8 35. g7 1-0

[Event "FRA-ch Blitz"]
[Site "Asnieres sur Seine"]
[Date "2023.06.24"]
[Round "5"]
[White "Moussard, Jules"]
[Black "Roser, Kevin"]
[Result "1-0"]
[WhiteElo "2655"]
[BlackElo "2356"]
[PlyCount "105"]
[EventDate "2023.06.24"]
[EventType "swiss (blitz)"]
[EventRounds "13"]
[EventCountry "FRA"]
[SourceTitle "CBM 214 Extra"]
[Source "ChessBase"]
[SourceDate "2023.07.31"]
[SourceVersion "1"]
[SourceVersionDate "2023.07.31"]
[SourceQuality "1"]

1. e4 c5 2. Nf3 Nc6 3. Bb5 e6 4. 0-0 Nge7 5. Re1 a6 6. Bf1 d5 7. exd5 Nxd5 8. d4 Be7 9. c4 Nf6 10. Be3 cxd4 11. Nxd4 Bd7 12. Nc3 0-0 13. h3 Rc8 14. Nf3 Qc7 15. Rc1 Rfd8 16. Na4 Be8 17. Qc2 Nb4 18. Qb3 Bxa4 19. Qxa4 Nd3 20. Bxd3 Rxd3 21. Qc2 Rdd8 22. a3 Nd5 23. Bg5 Nf4 24. Bxf4 Qxf4 25. b4 a5 26. Re4 Qf5 27. c5 axb4 28. axb4 Rd5 29. Qe2 h6 30. Rec4 Qd3 31. Qa2 Rdd8 32. Qa7 Qd5 33. b5 Ra8 34. Qb6 Rdb8 35. Qc7 Bd8 36. Qf4 Rc8 37. c6 bxc6 38. bxc6 Bb6 39. Ne5 Rc7 40. Rb1 Ra5 41. Nd7 Rb5 42. Rxb5 Qxb5 43. Rb4 Bxf2+ 44. Kxf2 Qxc6 45. Ne5 Qc5+ 46. Kg3 Qc3+ 47. Kh2 f6 48. Nf3 e5 49. Qg4 Qc6 50. Rb8+ Kh7 51. Nh4 Qc2 52. Qe6 Qe4 53. Qg8# 1-0

[Event "Karlsruhe Grenke op"]
[Site "Karlsruhe"]
[Date "2019.04.20"]
[Round "5"]
[White "Roser, Kevin"]
[Black "Hill, Alistair"]
[Result "1/2-1/2"]
[WhiteElo "2362"]
[BlackElo "2199"]
[PlyCount "96"]
[EventDate "2019.04.18"]
[EventType "swiss"]
[EventRounds "9"]
[EventCountry "GER"]
[SourceTitle "CBM 189 Extra"]
[Source "ChessBase"]
[SourceDate "2019.05.31"]
[SourceVersion "1"]
[SourceVersionDate "2019.05.31"]
[SourceQuality "1"]

1. e4 e6 2. d4 d5 3. Nc3 Nf6 4. e5 Nfd7 5. f4 c5 6. Nf3 Nc6 7. Be3 a6 8. Qd2 b5 9. dxc5 Bxc5 10. Bd3 Qb6 11. Bf2 h6 12. 0-0 0-0 13. a3 Ra7 14. Rae1 Bxf2+ 15. Rxf2 Nc5 16. Kh1 Nxd3 17. cxd3 a5 18. Rc1 Ne7 19. Qe1 Bd7 20. Rfc2 Rc8 21. Qg1 Qxg1+ 22. Kxg1 Rac7 23. Nd4 f6 24. exf6 gxf6 25. Nce2 Rxc2 26. Rxc2 Rxc2 27. Nxc2 e5 28. fxe5 fxe5 29. d4 Kf7 30. dxe5 Ke6 31. Nf4+ Kxe5 32. Nd3+ Kd6 33. Kf2 Bf5 34. Ke3 Ng6 35. Nd4 Bxd3 36. Kxd3 Nf4+ 37. Kc3 Nxg2 38. Nxb5+ Kc5 39. Nd4 Ne3 40. b4+ axb4+ 41. axb4+ Kb6 42. Kd3 Ng4 43. h4 h5 44. Ne2 Ne5+ 45. Kd4 Nf3+ 46. Kxd5 Nxh4 47. Nf4 Kb5 48. Nxh5 Kxb4 1/2-1/2

[Event "Karlsruhe Grenke op"]
[Site "Karlsruhe"]
[Date "2019.04.19"]
[Round "2"]
[White "Jansen, Bob"]
[Black "Roser, Kevin"]
[Result "1-0"]
[WhiteElo "2178"]
[BlackElo "2362"]
[PlyCount "57"]
[EventDate "2019.04.18"]
[EventType "swiss"]
[EventRounds "9"]
[EventCountry "GER"]
[SourceTitle "CBM 189 Extra"]
[Source "ChessBase"]
[SourceDate "2019.05.31"]
[SourceVersion "1"]
[SourceVersionDate "2019.05.31"]
[SourceQuality "1"]

1. d4 Nf6 2. Bg5 e6 3. e4 h6 4. Bxf6 Qxf6 5. c3 d6 6. Bd3 e5 7. Ne2 Qd8 8. 0-0 Be7 9. f4 0-0 10. Qb3 Nd7 11. a4 Bf6 12. Na3 Qe7 13. a5 Rb8 14. Nc4 g6 15. Rf3 Bg7 16. Raf1 b5 17. axb6 axb6 18. Ne3 c6 19. fxe5 Bxe5 20. Bc4 b5 21. Rxf7 Rxf7 22. Bxf7+ Kg7 23. Bxg6 Kxg6 24. Qg8+ Qg7 25. Qe8+ Kh7 26. Rf7 Nf6 27. Rxg7+ Kxg7 28. Nf5+ Bxf5 29. Qxb8 1-0

[Event "Paris-ch 92nd"]
[Site "Paris"]
[Date "2017.07.19"]
[Round "6"]
[White "Bouget, Alexandre"]
[Black "Roser, Kevin"]
[Result "1/2-1/2"]
[WhiteElo "2210"]
[BlackElo "2374"]
[PlyCount "29"]
[EventDate "2017.07.14"]
[EventType "swiss"]
[EventRounds "9"]
[EventCountry "FRA"]
[SourceTitle "EXT 2018"]
[Source "ChessBase"]
[SourceDate "2017.10.13"]
[SourceVersion "1"]
[SourceVersionDate "2017.10.13"]
[SourceQuality "1"]

1. d4 Nf6 2. c4 e6 3. Nc3 Bb4 4. e3 0-0 5. Nge2 c6 6. a3 Ba5 7. b4 Bc7 8. Ng3 d5 9. f4 Nbd7 10. c5 e5 11. Be2 exf4 12. exf4 h5 13. 0-0 h4 14. Nh1 Re8 15. Nf2 1/2-1/2

[Event "Paris-ch 92nd"]
[Site "Paris"]
[Date "2017.07.18"]
[Round "5"]
[White "Roser, Kevin"]
[Black "Mouhamad, Joachin"]
[Result "1-0"]
[WhiteElo "2374"]
[BlackElo "2290"]
[PlyCount "55"]
[EventDate "2017.07.14"]
[EventType "swiss"]
[EventRounds "9"]
[EventCountry "FRA"]
[SourceTitle "EXT 2018"]
[Source "ChessBase"]
[SourceDate "2017.10.13"]
[SourceVersion "1"]
[SourceVersionDate "2017.10.13"]
[SourceQuality "1"]

1. e4 c5 2. Nf3 Nc6 3. d4 cxd4 4. Nxd4 g6 5. c4 Nf6 6. Nc3 d6 7. Nc2 Bg7 8. Be2 0-0 9. 0-0 Bd7 10. Be3 Qa5 11. f3 Rfc8 12. Qd2 Ne5 13. c5 Ne8 14. f4 Ng4 15. Bxg4 Bxg4 16. f5 Bh5 17. h3 gxf5 18. exf5 Bxc3 19. bxc3 f6 20. Rab1 b6 21. cxb6 axb6 22. Rb4 Bf7 23. Rg4+ Kh8 24. Bd4 Qd5 25. Nb4 Qb5 26. Qh6 Bg8 27. Re1 Ra7 28. Rxe7 1-0

[Event "Paris-ch 92nd"]
[Site "Paris"]
[Date "2017.07.17"]
[Round "4"]
[White "Roy, Prantik"]
[Black "Roser, Kevin"]
[Result "1/2-1/2"]
[WhiteElo "2351"]
[BlackElo "2374"]
[PlyCount "112"]
[EventDate "2017.07.14"]
[EventType "swiss"]
[EventRounds "9"]
[EventCountry "FRA"]
[SourceTitle "EXT 2018"]
[Source "ChessBase"]
[SourceDate "2017.10.13"]
[SourceVersion "1"]
[SourceVersionDate "2017.10.13"]
[SourceQuality "1"]

1. c4 e5 2. g3 Nf6 3. Bg2 d5 4. cxd5 Nxd5 5. Nf3 Nc6 6. 0-0 Nb6 7. d3 Be7 8. Nc3 0-0 9. Be3 Re8 10. Rc1 Bf8 11. a3 Rb8 12. Re1 f6 13. Ne4 Be6 14. Nc5 Bd5 15. b4 a6 16. Nd2 Bxg2 17. Kxg2 Bxc5 18. Bxc5 Nd4 19. Bxd4 exd4 20. Qb3+ Kh8 21. Nf3 Qd7 22. a4 Nxa4 23. Nxd4 Qxd4 24. Qxa4 c6 25. Qa5 Rbd8 26. Rc4 Qd7 27. Qh5 Re5 28. Qf3 Qe7 29. Kf1 h6 30. Rec1 Re8 31. R1c2 Qe6 32. h4 Rf5 33. Qg4 Qd5 34. Kg1 Rfe5 35. Rc5 Qb3 36. Rxe5 Rxe5 37. Qc4 Qa4 38. Kg2 Rb5 39. Rb2 a5 40. Qf7 Rxb4 41. h5 c5 42. Rxb4 cxb4 43. Qxb7 b3 44. Qc8+ Kh7 45. Qf5+ Kg8 46. Qd5+ Kf8 47. Qd6+ Ke8 48. Qb8+ Ke7 49. Qb7+ Kf8 50. Qb8+ Ke7 51. Qb7+ Kf8 52. Qb8+ Kf7 53. Qc7+ Kg8 54. Qc8+ Kh7 55. Qf5+ Kg8 56. Qc8+ Kh7 1/2-1/2

[Event "Paris-ch 91st"]
[Site "Paris"]
[Date "2016.07.16"]
[Round "8"]
[White "Roser, Kevin"]
[Black "Midonet, Matthieu"]
[Result "1-0"]
[WhiteElo "2394"]
[BlackElo "2213"]
[PlyCount "85"]
[EventDate "2016.07.09"]
[EventType "swiss"]
[EventRounds "9"]
[EventCountry "FRA"]
[SourceTitle "CBM 173 Extra"]
[Source "ChessBase"]
[SourceDate "2016.08.29"]
[SourceVersion "1"]
[SourceVersionDate "2016.08.29"]
[SourceQuality "1"]

1. e4 c5 2. Nf3 Nc6 3. Bb5 e6 4. 0-0 Nge7 5. d4 cxd4 6. Nxd4 Qb6 7. Nxc6 bxc6 8. Bd3 Ng6 9. c4 Be7 10. Nc3 d6 11. Rb1 0-0 12. Be3 Qc7 13. f4 e5 14. f5 Nf4 15. Bc2 Rd8 16. Qf3 Bb7 17. Bb3 Nd3 18. Bh6 Bf6 19. Bxg7 Kxg7 20. Qxd3 Kh8 21. Rbd1 a5 22. Kh1 Ba6 23. Rf3 a4 24. Bc2 Rab8 25. b3 axb3 26. axb3 Rd7 27. Qd2 Rg8 28. Qh6 Qd8 29. Rh3 Rg7 30. Rhd3 Bg5 31. Qh5 Qa5 32. Qh3 Qd8 33. Na4 Bc8 34. Qf3 Qe7 35. Nb6 Rd8 36. Nxc8 Rxc8 37. Rxd6 Qa7 38. f6 Rgg8 39. Qf5 Rce8 40. Rd7 Qa2 41. Rxf7 Rg6 42. Qd7 Qxc2 43. Rxh7+ 1-0

[Event "Barcelona Sants op 17th"]
[Site "Barcelona"]
[Date "2015.08.30"]
[Round "10"]
[White "Alcala Valiente, Juan Carlos"]
[Black "Roser, Kevin"]
[Result "0-1"]
[WhiteElo "2133"]
[BlackElo "2404"]
[PlyCount "52"]
[EventDate "2015.08.21"]
[EventType "swiss"]
[EventRounds "10"]
[EventCountry "ESP"]
[SourceTitle "EXT 2016"]
[Source "ChessBase"]
[SourceDate "2015.10.08"]
[SourceVersion "1"]
[SourceVersionDate "2015.10.08"]
[SourceQuality "1"]

1. d4 Nf6 2. c4 e6 3. Nc3 Bb4 4. Qb3 c5 5. dxc5 Nc6 6. Nf3 Ne4 7. Bd2 Nxd2 8. Nxd2 0-0 9. e3 f5 10. a3 Bxc5 11. 0-0-0 b6 12. Nf3 Bb7 13. Be2 Qe7 14. Qc2 Rac8 15. Kb1 a6 16. Rc1 Na5 17. Nd2 Bd6 18. f3 Be5 19. b4 Nc6 20. Qb3 f4 21. Nce4 fxe3 22. Qxe3 d5 23. cxd5 exd5 24. Nf2 Nxb4 25. Qxb6 Nc6 26. Bxa6 Bd4 0-1

[Event "Barcelona Sants op 17th"]
[Site "Barcelona"]
[Date "2015.08.29"]
[Round "9"]
[White "Roser, Kevin"]
[Black "Steponavicius, Stasys"]
[Result "1/2-1/2"]
[WhiteElo "2404"]
[BlackElo "2180"]
[PlyCount "107"]
[EventDate "2015.08.21"]
[EventType "swiss"]
[EventRounds "10"]
[EventCountry "ESP"]
[SourceTitle "EXT 2016"]
[Source "ChessBase"]
[SourceDate "2015.10.08"]
[SourceVersion "1"]
[SourceVersionDate "2015.10.08"]
[SourceQuality "1"]

1. e4 c5 2. Nf3 Nc6 3. d4 cxd4 4. Nxd4 Nf6 5. Nc3 e5 6. Ndb5 d6 7. Bg5 a6 8. Na3 Be6 9. Nc4 Rc8 10. Nd5 Bxd5 11. Bxf6 gxf6 12. Qxd5 Nd4 13. 0-0-0 Qc7 14. c3 b5 15. cxd4 bxc4 16. Kc2 Qc6 17. Qxc6+ Rxc6 18. Kc3 exd4+ 19. Rxd4 f5 20. Rxc4 Bg7+ 21. Kc2 Rxc4+ 22. Bxc4 fxe4 23. Re1 f5 24. f3 a5 25. fxe4 fxe4 26. Rxe4+ Be5 27. Be2 0-0 28. Bc4+ Kh8 29. h3 Rf2+ 30. Re2 Rxe2+ 31. Bxe2 Kg7 32. a3 Kf6 33. b4 axb4 34. axb4 d5 35. Kb3 Bd6 36. Bf3 Ke5 37. Kc3 Bc7 38. Bd1 Bb6 39. Kd3 Kf4 40. Bb3 d4 41. Bd1 Kg3 42. Bf3 h5 43. Bxh5 Kxg2 44. Bg4 Kg3 45. Ke4 Kh4 46. b5 Ba7 47. Bf5 Bb6 48. Kd3 Ba7 49. Kc4 Bb6 50. Kd5 d3 51. Bxd3 Kxh3 52. Kc6 Bg1 53. b6 Bxb6 54. Kxb6 1/2-1/2

[Event "Barcelona Sants op 17th"]
[Site "Barcelona"]
[Date "2015.08.28"]
[Round "8"]
[White "Forgues, Fabien"]
[Black "Roser, Kevin"]
[Result "1/2-1/2"]
[WhiteElo "2187"]
[BlackElo "2404"]
[PlyCount "42"]
[EventDate "2015.08.21"]
[EventType "swiss"]
[EventRounds "10"]
[EventCountry "ESP"]
[SourceTitle "EXT 2016"]
[Source "ChessBase"]
[SourceDate "2015.10.08"]
[SourceVersion "1"]
[SourceVersionDate "2015.10.08"]
[SourceQuality "1"]

1. e4 c5 2. Nf3 Nc6 3. d4 cxd4 4. Nxd4 Nf6 5. Nc3 d6 6. Bg5 e6 7. Qd2 a6 8. 0-0-0 Be7 9. Bxf6 gxf6 10. f4 Bd7 11. Be2 h5 12. Bf3 Qb6 13. Nb3 0-0-0 14. h4 Na5 15. Kb1 Nxb3 16. axb3 Kb8 17. Qe2 Qc5 18. f5 Rh7 19. Rhe1 Rdh8 20. Qd2 Bc8 21. Na4 Qc7 1/2-1/2

[Event "Barcelona Sants op 17th"]
[Site "Barcelona"]
[Date "2015.08.27"]
[Round "7"]
[White "Roser, Kevin"]
[Black "Bru Rullo, Llatzer"]
[Result "1/2-1/2"]
[WhiteElo "2404"]
[BlackElo "2208"]
[PlyCount "98"]
[EventDate "2015.08.21"]
[EventType "swiss"]
[EventRounds "10"]
[EventCountry "ESP"]
[SourceTitle "EXT 2016"]
[Source "ChessBase"]
[SourceDate "2015.10.08"]
[SourceVersion "1"]
[SourceVersionDate "2015.10.08"]
[SourceQuality "1"]

1. e4 e6 2. d4 d5 3. Nc3 Nf6 4. e5 Nfd7 5. f4 c5 6. Nf3 Nc6 7. Be3 a6 8. Qd2 b5 9. dxc5 Bxc5 10. Bd3 d4 11. Nxd4 Nxd4 12. Ne4 Kf8 13. Bxd4 Bxd4 14. Qb4+ Bc5 15. Nxc5 Qe7 16. Nxd7+ Bxd7 17. Qxe7+ Kxe7 18. Be4 Rac8 19. 0-0-0 Rc4 20. Rhe1 Rhc8 21. Rd2 Ra4 22. Kb1 Rac4 23. g3 h6 24. h4 R8c7 25. Re3 Be8 26. b3 R4c5 27. a3 g6 28. Kb2 Rc8 29. Bb7 Rb8 30. Bf3 Rbc8 31. Be2 R5c7 32. Bf3 Bc6 33. Bxc6 Rxc6 34. Red3 R8c7 35. Rd6 f6 36. Rd8 fxe5 37. Rh8 exf4 38. Rxh6 e5 39. gxf4 exf4 40. Rf2 Kf6 41. Rh8 Kg7 42. Re8 Rf6 43. Re4 Rcf7 44. Kc3 Kh6 45. Kd3 Kh5 46. Ke2 Kxh4 47. Kf3 Kg5 48. Rh2 Kf5 49. Rxf4+ Ke5 1/2-1/2

[Event "Andorra op 33rd"]
[Site "La Massana"]
[Date "2015.07.26"]
[Round "9"]
[White "Roser, Kevin"]
[Black "Trepat Herranz, Joan"]
[Result "1/2-1/2"]
[WhiteElo "2403"]
[BlackElo "2351"]
[PlyCount "26"]
[EventDate "2015.07.18"]
[EventType "swiss"]
[EventRounds "9"]
[EventCountry "AND"]
[SourceTitle "CBM 167 Extra"]
[Source "ChessBase"]
[SourceDate "2015.09.14"]
[SourceVersion "1"]
[SourceVersionDate "2015.09.14"]
[SourceQuality "1"]

1. e4 e5 2. Nf3 Nc6 3. Bb5 Nf6 4. 0-0 Nxe4 5. d4 Nd6 6. Bxc6 dxc6 7. dxe5 Nf5 8. Qxd8+ Kxd8 9. h3 h6 10. Rd1+ Ke8 11. Nc3 Ne7 12. b3 Ng6 13. Bb2 Be7 1/2-1/2

[Event "Andorra op 33rd"]
[Site "La Massana"]
[Date "2015.07.24"]
[Round "7"]
[White "Roser, Kevin"]
[Black "Abergel, Thal"]
[Result "0-1"]
[WhiteElo "2403"]
[BlackElo "2440"]
[PlyCount "86"]
[EventDate "2015.07.18"]
[EventType "swiss"]
[EventRounds "9"]
[EventCountry "AND"]
[SourceTitle "CBM 167 Extra"]
[Source "ChessBase"]
[SourceDate "2015.09.14"]
[SourceVersion "1"]
[SourceVersionDate "2015.09.14"]
[SourceQuality "1"]

1. e4 c5 2. Nf3 e6 3. d4 cxd4 4. Nxd4 a6 5. Bd3 Bc5 6. Nb3 Be7 7. Qg4 g6 8. Qe2 d6 9. 0-0 Nd7 10. Nc3 Qc7 11. Bd2 b6 12. Rae1 Bb7 13. f4 h5 14. h3 h4 15. Nd4 Ngf6 16. Qf2 Nh5 17. f5 gxf5 18. exf5 e5 19. f6 Ndxf6 20. Nf5 Rg8 21. Ne4 Nxe4 22. Rxe4 Bd5 23. c4 Be6 24. Rxh4 Ng3 25. Qf3 Rc8 26. Rg4 Rxg4 27. Nxg3 Rg8 28. Nh5 Bxc4 29. Rc1 d5 30. Bh7 Rh8 31. Bf5 e4 32. Qg4 Rd8 33. b3 Qc5+ 34. Kh1 Qf2 35. bxc4 Qxd2 36. Rf1 Qg5 37. Bg6 Qxg4 38. Bxf7+ Kd7 39. hxg4 d4 40. Rf4 d3 41. Rxe4 d2 42. Rd4+ Kc7 43. Bd5 Bg5 0-1

[Event "Andorra op 33rd"]
[Site "La Massana"]
[Date "2015.07.23"]
[Round "6"]
[White "Gozzoli, Yannick"]
[Black "Roser, Kevin"]
[Result "1/2-1/2"]
[WhiteElo "2567"]
[BlackElo "2403"]
[PlyCount "133"]
[EventDate "2015.07.18"]
[EventType "swiss"]
[EventRounds "9"]
[EventCountry "AND"]
[SourceTitle "CBM 167 Extra"]
[Source "ChessBase"]
[SourceDate "2015.09.14"]
[SourceVersion "1"]
[SourceVersionDate "2015.09.14"]
[SourceQuality "1"]

1. d4 Nf6 2. c4 e6 3. Nc3 Bb4 4. Nf3 c5 5. g3 cxd4 6. Nxd4 Ne4 7. Qc2 Qa5 8. Bg2 Nxc3 9. 0-0 Nc6 10. Be3 Nxd4 11. Bxd4 Na4 12. Bxg7 Rg8 13. a3 Bf8 14. Bxf8 Rxf8 15. Rfd1 d6 16. Rxd6 Bd7 17. b4 Qc7 18. Rad1 0-0-0 19. c5 Nb6 20. Qd3 Nd5 21. e4 Ba4 22. Re1 Ne7 23. h4 e5 24. Bh3+ Kb8 25. b5 Nc8 26. Bxc8 Rxc8 27. Rc1 Qa5 28. Qd5 Qxb5 29. Qxe5 Ka8 30. Qd4 Qb3 31. Qb4 Rfd8 32. e5 Rxd6 33. exd6 Qxb4 34. axb4 Bb5 35. Rc3 Re8 36. Kh2 Bc6 37. Rc4 Kb8 38. Rf4 Bd5 39. Rf5 Bc4 40. Rh5 Bd3 41. f3 a6 42. g4 Re2+ 43. Kg3 Kc8 44. Rd5 Bb1 45. Rg5 Rb2 46. Rg7 Rxb4 47. Rxf7 a5 48. h5 a4 49. g5 Rb5 50. g6 hxg6 51. h6 g5 52. Rf8+ Kd7 53. Rf7+ Ke8 54. h7 Bxh7 55. Rxh7 Rxc5 56. Rxb7 Ra5 57. f4 a3 58. Rb1 Kd7 59. fxg5 Rxg5+ 60. Kf4 Ra5 61. Ke4 Kxd6 62. Kd4 Ra4+ 63. Kc3 Kc5 64. Ra1 Rh4 65. Rxa3 Rh3+ 66. Kb2 Rxa3 67. Kxa3 1/2-1/2

[Event "Andorra op 33rd"]
[Site "La Massana"]
[Date "2015.07.21"]
[Round "4"]
[White "Fernandez Lopez, Joan"]
[Black "Roser, Kevin"]
[Result "0-1"]
[WhiteElo "2143"]
[BlackElo "2403"]
[PlyCount "38"]
[EventDate "2015.07.18"]
[EventType "swiss"]
[EventRounds "9"]
[EventCountry "AND"]
[SourceTitle "CBM 167 Extra"]
[Source "ChessBase"]
[SourceDate "2015.09.14"]
[SourceVersion "1"]
[SourceVersionDate "2015.09.14"]
[SourceQuality "1"]

1. e4 c5 2. Nf3 d6 3. d4 cxd4 4. Nxd4 Nf6 5. Nc3 Nc6 6. f3 e5 7. Nb3 Be7 8. Be3 0-0 9. Qd2 a5 10. Na4 Be6 11. Nb6 a4 12. Nxa8 Qxa8 13. Nc1 a3 14. c3 d5 15. exd5 Nxd5 16. Bf2 Rd8 17. Qc2 axb2 18. Qxb2 Ba3 19. Qc2 Ncb4 0-1

[Event "Paris-ch op 90th"]
[Site "Paris"]
[Date "2015.07.11"]
[Round "8"]
[White "Eden, James"]
[Black "Roser, Kevin"]
[Result "0-1"]
[WhiteElo "2272"]
[BlackElo "2403"]
[PlyCount "70"]
[EventDate "2015.07.04"]
[EventType "swiss"]
[EventRounds "9"]
[EventCountry "FRA"]
[SourceTitle "CBM 167 Extra"]
[Source "ChessBase"]
[SourceDate "2015.09.14"]
[SourceVersion "1"]
[SourceVersionDate "2015.09.14"]
[SourceQuality "1"]

1. e4 c5 2. Nf3 e6 3. d4 cxd4 4. Nxd4 Nc6 5. Nb5 d6 6. Bf4 e5 7. Be3 a6 8. N5c3 Nf6 9. Na3 Be6 10. Nc4 b5 11. Nb6 Rb8 12. Nbd5 Ng4 13. Be2 Nxe3 14. Nxe3 Be7 15. 0-0 0-0 16. Ncd5 Bg5 17. c3 a5 18. Qd3 g6 19. g3 Bh6 20. f4 f5 21. Bf3 Qd7 22. Rad1 Kh8 23. Kh1 Bg7 24. exf5 gxf5 25. Bg2 b4 26. cxb4 e4 27. Qd2 Nxb4 28. Nxb4 Rxb4 29. Qxd6 Qxd6 30. Rxd6 Bxa2 31. Bh3 Bxb2 32. Nxf5 a4 33. Rfd1 Bb3 34. Rb1 a3 35. Ra6 Ra4 0-1

[Event "Paris-ch op 90th"]
[Site "Paris"]
[Date "2015.07.07"]
[Round "4"]
[White "Flom, Gabriel"]
[Black "Roser, Kevin"]
[Result "1-0"]
[WhiteElo "2449"]
[BlackElo "2403"]
[PlyCount "75"]
[EventDate "2015.07.04"]
[EventType "swiss"]
[EventRounds "9"]
[EventCountry "FRA"]
[SourceTitle "CBM 167 Extra"]
[Source "ChessBase"]
[SourceDate "2015.09.14"]
[SourceVersion "1"]
[SourceVersionDate "2015.09.14"]
[SourceQuality "1"]

1. d4 Nf6 2. c4 e6 3. Nc3 Bb4 4. Qc2 c5 5. dxc5 Bxc5 6. Nf3 Qb6 7. e3 Qc7 8. Be2 a6 9. b3 b6 10. g4 h6 11. Bb2 Bb7 12. Rg1 Nc6 13. a3 0-0-0 14. b4 Be7 15. 0-0-0 Rhg8 16. g5 hxg5 17. Nxg5 Rgf8 18. f4 Kb8 19. Kb1 Ne8 20. Rd2 f6 21. Nf3 Nd6 22. Rxg7 Nf5 23. Nd5 Nxb4 24. Qxf5 Nxd5 25. Qd3 Nxf4 26. exf4 Qxf4 27. Qb3 Bc5 28. Rdxd7 Rxd7 29. Rxd7 e5 30. Ka2 Rg8 31. Qd1 Rg2 32. Rxb7+ Kxb7 33. Qd7+ Ka8 34. Nxe5 fxe5 35. Qc6+ Ka7 36. Qxg2 e4 37. Qg7+ Ka8 38. Qe5 1-0

[Event "Paris-ch op 90th"]
[Site "Paris"]
[Date "2015.07.04"]
[Round "1"]
[White "Roser, Kevin"]
[Black "Samoun, Florent"]
[Result "1-0"]
[WhiteElo "2403"]
[BlackElo "2244"]
[PlyCount "127"]
[EventDate "2015.07.04"]
[EventType "swiss"]
[EventRounds "9"]
[EventCountry "FRA"]
[SourceTitle "CBM 167 Extra"]
[Source "ChessBase"]
[SourceDate "2015.09.14"]
[SourceVersion "1"]
[SourceVersionDate "2015.09.14"]
[SourceQuality "1"]

1. e4 Nf6 2. e5 Nd5 3. d4 d6 4. Nf3 g6 5. Bc4 Nb6 6. Bb3 Bg7 7. exd6 Qxd6 8. 0-0 0-0 9. Re1 Nc6 10. c3 e5 11. Nxe5 Nxe5 12. dxe5 Bxe5 13. Qxd6 cxd6 14. Bg5 Re8 15. Nd2 Be6 16. Ne4 Bxb3 17. axb3 Re6 18. Nd2 Rae8 19. Be3 Nc8 20. Nf3 Bf6 21. Red1 a6 22. Ra4 Ne7 23. g4 Nc6 24. h3 Kf8 25. Kg2 Ke7 26. Nd2 Ne5 27. Ne4 Bg7 28. Ng5 h6 29. Nxe6 fxe6 30. f4 Nc6 31. Re4 b5 32. b4 Kd7 33. Bd2 d5 34. Re2 a5 35. bxa5 Nxa5 36. Ra1 Nc6 37. Be3 e5 38. fxe5 Rxe5 39. Rae1 b4 40. Bd2 Rxe2+ 41. Rxe2 bxc3 42. Bxc3 d4 43. Bd2 Ne5 44. Bxh6 d3 45. Bxg7 dxe2 46. Kf2 Nd3+ 47. Kxe2 Nf4+ 48. Kf3 Nxh3 49. Bh6 g5 50. Kg3 Nf4 51. Bxg5 Nd3 52. Bf6 Ke6 53. Bc3 Nc5 54. Kf4 Nb3 55. Kg5 Kf7 56. Kf5 Nc5 57. b4 Nb7 58. Be5 Nd8 59. b5 Nb7 60. g5 Nd8 61. g6+ Kf8 62. Bf6 Nb7 63. Ke6 Nc5+ 64. Kd5 1-0

[Event "Le Port Marly Leonard op"]
[Site "Le Port Marly"]
[Date "2014.09.13"]
[Round "?"]
[White "Dgebuadze, Alexandre"]
[Black "Roser, Kevin"]
[Result "1/2-1/2"]
[WhiteElo "2514"]
[BlackElo "2416"]
[PlyCount "34"]
[EventDate "2014.09.13"]
[EventType "swiss"]
[EventRounds "9"]
[EventCountry "FRA"]
[SourceTitle "CBM 162 Extra"]
[Source "ChessBase"]
[SourceDate "2014.10.17"]
[SourceVersion "1"]
[SourceVersionDate "2014.10.17"]
[SourceQuality "1"]

1. e4 c5 2. Nf3 Nc6 3. Nc3 e6 4. d4 cxd4 5. Nxd4 Qc7 6. g3 a6 7. Bg2 d6 8. 0-0 Bd7 9. Re1 Be7 10. Nxc6 Bxc6 11. Bf4 Nf6 12. e5 dxe5 13. Bxe5 Qb6 14. Bd4 Qc7 15. Be5 Qb6 16. Bd4 Qc7 17. Be5 Qb6 1/2-1/2

[Event "Le Port Marly Leonard op"]
[Site "Le Port Marly"]
[Date "2014.09.13"]
[Round "?"]
[White "Guigon, Olivier"]
[Black "Roser, Kevin"]
[Result "1/2-1/2"]
[WhiteElo "2087"]
[BlackElo "2416"]
[PlyCount "45"]
[EventDate "2014.09.13"]
[EventType "swiss"]
[EventRounds "9"]
[EventCountry "FRA"]
[SourceTitle "CBM 162 Extra"]
[Source "ChessBase"]
[SourceDate "2014.10.17"]
[SourceVersion "1"]
[SourceVersionDate "2014.10.17"]
[SourceQuality "1"]

1. e4 c5 2. Nf3 Nc6 3. Bb5 g6 4. c3 Nf6 5. Qe2 Bg7 6. d4 cxd4 7. cxd4 0-0 8. d5 Nb4 9. Nc3 d6 10. h3 Bd7 11. 0-0 Rc8 12. a3 Bxb5 13. Qxb5 Na6 14. Qxb7 Nc5 15. Qb5 Nxd5 16. exd5 Ne4 17. Qe2 Nc5 18. Be3 Nb3 19. Rad1 Qa5 20. Nd4 Qxd5 21. Nxb3 Qxb3 22. Bxa7 Qxa3 23. bxa3 1/2-1/2

[Event "FRA-ch 89th"]
[Site "Nimes"]
[Date "2014.08.23"]
[Round "6"]
[White "Roser, Kevin"]
[Black "Maze, Sebastien"]
[Result "0-1"]
[WhiteElo "2400"]
[BlackElo "2565"]
[PlyCount "86"]
[EventDate "2014.08.17"]
[EventType "tourn"]
[EventRounds "11"]
[EventCountry "FRA"]
[EventCategory "14"]
[SourceTitle "CBM 162"]
[Source "ChessBase"]
[SourceDate "2014.09.17"]
[SourceVersion "1"]
[SourceVersionDate "2014.09.17"]
[SourceQuality "1"]

1. e4 Nc6 2. Nf3 g6 3. d4 Bg7 4. Nc3 d6 5. d5 Ne5 6. Nxe5 Bxe5 7. Be2 Bg7 8. 0-0 Nf6 9. Bg5 c6 10. Qd2 cxd5 11. exd5 0-0 12. Rfe1 Bf5 13. Bc4 Rc8 14. Bb3 a6 15. Re2 Re8 16. Rae1 Bg4 17. f3 Bd7 18. Kh1 h5 19. Re3 b5 20. a3 Kf8 21. Qe2 Ng8 22. Nd1 a5 23. h3 Qc7 24. c3 b4 25. axb4 axb4 26. g4 bxc3 27. Nxc3 Qb6 28. Ba2 Rb8 29. Nd1 Bb5 30. Qd2 Qd4 31. Qxd4 Bxd4 32. Re4 Bf6 33. Bxf6 Nxf6 34. Rd4 Ba6 35. Rd2 Rb4 36. Kg2 Rc8 37. Re3 h4 38. Rc3 Rcb8 39. Rcc2 Nd7 40. Nc3 Nc5 41. Nd1 Nd3 42. Rc6 Nf4+ 43. Kh2 Be2 0-1